Получение левулиновой кислоты из фурфурилового спирта; Интенсификация технологии и аппаратуры гидролизных производств

Podrobná bibliografie
Parent link:Интенсификация технологии и аппаратуры гидролизных производств.— 1984.— С. 123-126
Hlavní autor: Коновалова Е. Н.
Další autoři: Левитин Б. М., Игнатьев В. М.
Jazyk:ruština
Vydáno: 1984
Edice:Химические продукты на основе гидролиза
Médium: MixedMaterials Kapitola
KOHA link:https://koha.lib.tpu.ru/cgi-bin/koha/opac-detail.pl?biblionumber=197146

MARC

LEADER 00000naa2a2200000 4500
001 197146
005 20231031183335.0
035 |a (RuTPU)RU\TPU\book\215045 
035 |a RU\TPU\book\215042 
090 |a 197146 
100 |a 20110606d1984 k y0rusy50 ca 
101 0 |a rus 
102 |a RU 
200 1 |a Получение левулиновой кислоты из фурфурилового спирта  |f Е. Н. Коновалова, Б. М. Левитин, В. М. Игнатьев 
225 1 |a Химические продукты на основе гидролиза 
320 |a Библиогр.: с. 126 (10 назв.) 
463 0 |0 (RuTPU)RU\TPU\book\214979  |t Интенсификация технологии и аппаратуры гидролизных производств  |o сборник научных трудов  |f Всесоюзный научно-исследовательский институт гидролиза растительных материалов (ВНИИГидролиз) ; отв. ред. Ю.А. Цирлин  |v С. 123-126  |d 1984  |p 140 с.  |s Сборник трудов Всесоюзного научно-исследовательского института гидролиза растительных материалов (ВНИИГидролиз) ; Вып. 34 
700 1 |a Коновалова  |b Е. Н. 
701 1 |a Левитин  |b Б. М. 
701 1 |a Игнатьев  |b В. М. 
801 1 |a RU  |b 63413507  |c 20110606 
801 2 |a RU  |b 63413507  |c 20110606  |g RCR 
942 |c BK